000 00939nam a2200289 i 4500
003 DO-SdBNP
005 20260505103119.0
007 ta
008 260505b2025 dr ||||| |||| 00| 0 spa d
020 _a9789945639636
040 _aDO-SdBNP
_bspa
_cBNPHU
_erda
041 _aspa
082 4 _axxx
_bG146g 2025
_222
100 1 _aGalán, Bismar,
_d1961-
_eautor
_4aut.
_91490
245 1 0 _aGestión y liderazgo desde las emociones /
_cBismar Galán ; prólogo, Miguel J. Escala
250 _asegunda edición
264 _aSanto Domingo :
_bISFODOSU,
_c2025.
300 _a114 páginas ;
_c23 cm.
336 _atexto
_btxt
_2rdacontent
337 _asin mediación
_bn
_2rdamedia
338 _avolumen
_bnc
_2rdacarrier
500 _aIncluye datos biográficos del autor en la solapa de la cubierta
590 _aInventariado, 2026/BT
700 _aEscala, Miguel J.,
_eprologuista
_4pr.
_917400
910 _aBtavárez
942 _2ddc
_cLBS1
999 _c60660
_d60660